000 00505nam a2200181Ia 4500
008 100917s9999 xx 000 0 und d
082 _b37118
100 _aपंडित भ. श्री.
245 _aसंत समागम
260 _bनाग विदर्भ प्रकाशन
_c1961
300 _a115
365 _b4
520 _aनिबंध
630 _aसंत समागम
650 _aनिबंध
730 _aसंत समागम
942 _cBOOK
999 _c642512
_d642509